| 000 | 01138nas a2200337 4500 | ||
|---|---|---|---|
| 001 | BR2013000445 | ||
| 003 | BR-BrBNA | ||
| 005 | 20231205121821.0 | ||
| 007 | ta | ||
| 008 | 230509b bl.|||p| |||| 00| 00por d | ||
| 040 |
_aBR-BrBNA _bpor _cBiblioteca Nacional de Agricultura |
||
| 041 | _a(Pt) | ||
| 072 | _aL73 | ||
| 100 | 1 | _aBatista, J.S. | |
| 100 | 1 | _aBezerra, F.S.B. | |
| 100 | 1 | _aLira, R.A. | |
| 100 | 1 | _aCarvalho, J.R.G. | |
| 100 | 1 | _aRosado Neto, A.M. | |
| 100 | 1 | _aPetri, A.A. | |
| 100 | 1 | _aTeixeira, M.M.G. | |
| 245 | 1 | _aAspectos clínicos, epidemiológicos e patológicos da infecção natural em bovinos por Trypanosoma vivax na Paraíba | |
| 246 | 1 | _aClinical, epidemiological and pathological signs of natural infection in cattle by Trypanosoma vivax in Paraiba, Brazil | |
| 650 | _aBOVINO | ||
| 650 | _aTRYPANOSOMA VIVAX | ||
| 650 | _aTRYPANOSOMA VIVAX | ||
| 650 | _aDOENÇA ANIMAL | ||
| 650 | _aPROTOZOÁRIO | ||
| 773 | 0 |
_tPesquisa Veterinária Brasileira (Brazil) _xISSN 0100-736X _g(Jan 2008), v. 28(1) p. 63-69 _wBR2013000445 |
|
| 909 |
_a202311 _bLúcia _c55 _dLúcia Elande |
||
| 942 |
_2AGRIS _n0 _cANA |
||
| 999 |
_c225395 _d225395 |
||